| 000 | 00674nam a2200217 a 4500 | ||
|---|---|---|---|
| 003 | OSt | ||
| 005 | 20150325175917.0 | ||
| 008 | 020226s1963 esp 001 0 spa d | ||
| 040 | _cBMC | ||
| 082 | _a980 | ||
| 100 | 1 |
_932563 _aBeals, Carleton _d1893-1979 |
|
| 245 | 1 | 0 |
_aAmérica Latina _b: mundo en revolución _cCarleton Beals ; traducción de, Liliane Isler |
| 260 |
_aBuenos Aires _bPalestra _c1963 |
||
| 300 |
_a366 p. _c19 cm |
||
| 490 | _aHistoria viva | ||
| 546 | _aTraducción de: "Latin América, world in revolution" | ||
| 651 | 2 | 4 |
_aAmérica latina _93454 _xHistoria |
| 700 | 1 |
_931903 _aSelser, Gregorio |
|
| 700 | 1 |
_932562 _aIsler, Liliane |
|
| 942 |
_2ddc _cBK |
||
| 999 |
_c19439 _d19439 |
||